00810nam a22001817a 4500999001900000005001700019010001500036020003000051035001400081037001300095082001300108245008800121260006800209270015600277300003000433942002700463952013800490 c176397d17639720201217161507.0 aENG-128699 a978-93-534-3781-7c375.00 aEN-112231 bDBAD/PUB a510.2462 aGATE Topic-wise Previous Years Solved Question Papers: Engineering Mathematics 2020 aUttar PradeshbPearson India Education Services Pvt. Ltd.c2020 bUttar Pradeshe201301a15th Floor, Tower-B, World Trade Tower, Plot No.- 1, Block-C, Sector-16, Noidamcompanysecretary.india@pearson.comk044-66540100 avarious pages.c25cm(pbk) 2ddccENh510.2462mGAT 001040708NFICaAVbAVd2020-12-17eDBAD/PUBg375.00l4m2o510.2462 GATpEN-112231r2022-07-16 00:00:00s2022-06-04t1v375.00yEN